000 00891nam a2200265Ia 4500
003 OSt
005 20220918171212.0
006 a|||||r|||| 00| 0
007 ta
008 220917b |||||||| |||| 00| 0 eng d
020 _a9781409430445 (hbk)
_c4862.55
024 _a264,500
037 _b35038, 19/06/2012, Segment Book Distributors
_cTextual
040 _aARTS
_cARTS
_beng
041 _2eng
_aeng
082 _aV63:19(zP).N, Q2
100 _aNathan Laurie
_934731
245 0 _aCommunity of insecurity
_b SADC's struggle for peace and security in solution Africa
260 _aSurrey
_bAshgate England
_c2012
300 _ax,189p.
_ccm.
490 _aInternational political economy of new regionalism
650 _aHISTORY
942 _hV63:19(zP).N, Q2
_cTEXL
_2CC
999 _c138305
_d138305